000 00598nam a22002057a 4500
003 OSt
005 20251206025435.0
008 251206b |||||||| |||| 00| 0 eng d
020 _a0-89586-709-5.
040 _aDWCL-Main lib.
_cOC
082 _aCirc. 615.788 M849e 1988
100 _aMorgan, Roberta
245 _aThe emotional pharmacy/
_cRoberta Morgan
260 _aCalif. :
_bThe Body Press,
_c c1988.
300 _a230 p. ;
_c23 cm.
650 _a1. Drug abuse.
650 _a2. Mental illness-Chemotherapy.
650 _a3. Psychotropic drugs.
942 _2ddc
_cBK-CIRC
_hCirc.
_n0
999 _c6984
_d6984